000 00379nam a22001577a 4500
003 MPLRDC
005 20220104143311.0
008 210129b ||||| |||| 00| 0 eng d
082 _a831.5 WHY
100 _a吴宏一主编
245 _a晓风残月: 宋词赏析
_c
260 _a
_b新光出版公司
_c
300 _b
650 _a宋诗总集
942 _cBK
_o831.5 WHY
999 _c38557
_d38547